Sektorová štruktúra slovenskej ekonomiky a jej vplyv na ekonomické oživenie v SR diplomová práca

Salvato in:
Dettagli Bibliografici
Autore principale: Žilka, Michal
Ente Autore: Národohospodárska fakulta EU. Katedra bankovníctva a medzinárodných financií
Altri autori: Kotlebová, Jana, 1969-
Natura: Libro
Lingua:slovacco
Pubblicazione: Bratislava 2015
Tags: Aggiungi Tag
Nessun Tag, puoi essere il primo ad aggiungerne!!

MARC

LEADER 00000nbm a2200000 4500
001 0202545
005 20161212095622.4
041 0 |a slo 
044 |a SK 
245 1 0 |a Sektorová štruktúra slovenskej ekonomiky a jej vplyv na ekonomické oživenie v SR  |b diplomová práca  |c Michal Žilka ; školiteľ: Jana Kotlebová 
264 1 |a Bratislava  |c 2015 
300 |a 61 s. 
100 1 |a Žilka, Michal 
700 1 |a Kotlebová, Jana, 1969- 
710 2 |a Národohospodárska fakulta EU. Katedra bankovníctva a medzinárodných financií